书目信息 |
| 题名: |
中华女英烈
|
|
| 作者: | ;中华全国妇女联合会妇女运动历史研究室 编 | |
| 分册: | 第二集 | |
| 出版信息: | 北京 人民出版社 1984 |
|
| 页数: | 329页 | |
| 开本: | 19cm | |
| 丛书名: | ||
| 单 册: | ||
| 中图分类: | K820.6 , K251 | |
| 科图分类: | ||
| 主题词: | 女烈士--生平事迹--中国 , 中国--历史--1840~1949 | |
| 电子资源: | ||
| ISBN: | ||
| 000 | 00767nam0 2200241 450 | |
| 001 | 1537583000 | |
| 005 | 20150120211137.87 | |
| 010 | @dCNY0.98 | |
| 091 | @a3001.1932 | |
| 100 | @a19960109d1984 em y0chiy0110 ea | |
| 101 | 0 | @achi |
| 102 | @aCN@b110000 | |
| 105 | @af z 000yc | |
| 200 | 1 | @a中华女英烈@9zhong hua nv ying lie@h第二集@f中华全国妇女联合会妇女运动历史研究室编 |
| 210 | @a北京@c人民出版社@d1984 | |
| 215 | @a329页@c照片@d19cm | |
| 606 | 0 | @a女烈士@x生平事迹@y中国 |
| 606 | 0 | @a中国@x历史@z1840~1949 |
| 690 | @aK820.6@v5 | |
| 690 | @aK251@v4 | |
| 711 | 02 | @a中华全国妇女联合会妇女运动历史研究室@9zhong hua quan guo fu nu lian he hui fu nu yun dong li shi yan jiu shi@4编 |
| 801 | 0 | @aCN@bTSSF@c20150120 |
| 905 | @aZUCC@dK251@eJY41:2 | |
| 中华女英烈.第二集/中华全国妇女联合会妇女运动历史研究室编.-北京:人民出版社,1984 |
| 329页:照片;19cm |
| ISBN :CNY0.98 |
| ● |
| 相关链接 |
|
|
|
|
正题名:中华女英烈
索取号:K251/JY41:2
 
预约/预借
| 序号 | 登录号 | 条形码 | 馆藏地/架位号 | 状态 | 备注 |
| 1 | 7836266 | 278362665 | 学院路分馆/ [索取号:K251/JY41:2] | 在馆 | |
| 2 | 7836267 | 278362674 | 学院路分馆/ [索取号:K251/JY41:2] | 在馆 | |
| 3 | 7836942 | 278369427 | 学院路分馆/ [索取号:K251/JY41:2] | 在馆 | |
| 4 | 7836943 | 278369436 | 学院路分馆/ [索取号:K251/JY41:2] | 在馆 |